Indian History (Record no. 1968)
[ view plain ]
| 000 -LEADER | |
|---|---|
| fixed length control field | 00370 a2200157 4500 |
| 000 - LEADER | |
| fixed length control field | nam a22 7a 4500 |
| 001 - CONTROL NUMBER | |
| control field | 1968 |
| 005 - DATE AND TIME OF LATEST TRANSACTION | |
| control field | 20260416092508.0 |
| 020 ## - INTERNATIONAL STANDARD BOOK NUMBER | |
| International Standard Book Number | 9789352606627 |
| 100 ## - MAIN ENTRY--PERSONAL NAME | |
| Personal name | Reddy Krishna |
| 110 ## - MAIN ENTRY--CORPORATE NAME | |
| Corporate name or jurisdiction name as entry element | Reddy Krishna |
| 245 ## - TITLE STATEMENT | |
| Title | Indian History |
| 260 ## - PUBLICATION, DISTRIBUTION, ETC. | |
| Name of publisher, distributor, etc. | McGrow Hill Book Company |
| Date of publication, distribution, etc. | 2017 |
| 264 ## - PRODUCTION, PUBLICATION, DISTRIBUTION, MANUFACTURE, AND COPYRIGHT NOTICE | |
| Name of producer, publisher, distributor, manufacturer | McGrow Hill Book Company |
| Date of production, publication, distribution, manufacture, or copyright notice | 2017 |
| 942 ## - ADDED ENTRY ELEMENTS (KOHA) | |
| Koha item type | Books |
| Withdrawn status | Lost status | Source of classification or shelving scheme | Damaged status | Not for loan | Home library | Current library | Date acquired | Total checkouts | Barcode | Date due | Date last seen | Date last checked out | Price effective from | Koha item type |
|---|---|---|---|---|---|---|---|---|---|---|---|---|---|---|
| Dewey Decimal Classification | Centerville | Centerville | 16/04/2026 | 1 | CPL26040022 | 30/04/2026 | 16/04/2026 | 16/04/2026 | 16/04/2026 | Books | ||||
| Dewey Decimal Classification | Centerville | Centerville | 16/04/2026 | 1 | CPL26040023 | 30/04/2026 | 16/04/2026 | 16/04/2026 | 16/04/2026 | Books | ||||
| Dewey Decimal Classification | Centerville | Centerville | 16/04/2026 | CPL26040024 | 16/04/2026 | 16/04/2026 | Books | |||||||
| Dewey Decimal Classification | Centerville | Centerville | 16/04/2026 | CPL26040025 | 16/04/2026 | 16/04/2026 | Books |